000 00862nam a22002417a 4500
003 UA-OsUOA
001 45385
007 ta
008 20111010b un ||||| |||| 00| 0 ukr d
090 _a09.-1
_bГ51
942 _cBK
040 _aUA-OsUOA
_bukr
_cUA-OsUOA
_dUA-OsUOA
245 _aГіпнотизм і суггестія
_bкороткі і популярні вказівки до гіпнотизовання і піддаваня суггестій в цілях лічних і педагогічних
300 _a40 с.
955 _a1
041 _aukr
080 _a09.-1
260 _aВінніпег
246 3 1 _aЧастина ІІ,
_nпрактична
650 7 _a0 Загальний відділ.
_2UDC
999 _c425488
_d425488